Secretarial practice : (Record no. 134300)

MARC details
000 -LEADER
fixed length control field 00790nam a22002417a 4500
005 - DATE AND TIME OF LATEST TRANSACTION
control field 20170124110224.0
010 ## - LIBRARY OF CONGRESS CONTROL NUMBER
LC control number B-225063
020 ## - INTERNATIONAL STANDARD BOOK NUMBER
Terms of availability 225.00
International Standard Book Number 8125918809
035 ## - SYSTEM CONTROL NUMBER
System control number B-225063
037 ## - SOURCE OF ACQUISITION
Source of stock number/acquisition Cen Lib/Ret
040 ## - CATALOGING SOURCE
Original cataloging agency DPL
Language of cataloging EN
082 ## - DEWEY DECIMAL CLASSIFICATION NUMBER
Classification number 651.374
Item number KUC
100 ## - MAIN ENTRY--PERSONAL NAME
Personal name Kuchhal, M. C.
9 (RLIN) 14615
245 ## - TITLE STATEMENT
Title Secretarial practice :
Statement of responsibility, etc by M C Kuchhal
Remainder of title under the Companies Act, 1956 as amended by the companies (amendment) Act,2002 /
250 ## - EDITION STATEMENT
Edition statement 17th ed.
260 ## - PUBLICATION, DISTRIBUTION, ETC. (IMPRINT)
Place of publication, distribution, etc New Delhi
Name of publisher, distributor, etc Vikas Publishing House
Date of publication, distribution, etc 2007
270 ## - ADDRESS
Address 576, Masjid Road, Jangpura
City New Delhi
Postal code 110014
300 ## - PHYSICAL DESCRIPTION
Extent xxiv, 644p.
Dimensions 21cm(pbk)
500 ## - GENERAL NOTE
General note Includes index<br/>
650 ## - SUBJECT ADDED ENTRY--TOPICAL TERM
Topical term or geographic name as entry element Corporation law
9 (RLIN) 15472
650 ## - SUBJECT ADDED ENTRY--TOPICAL TERM
Topical term or geographic name as entry element Corporation secretaries
9 (RLIN) 19094
942 ## - ADDED ENTRY ELEMENTS (KOHA)
Source of classification or shelving scheme Dewey Decimal Classification
Koha item type English Books
Classification part 651.374
Call number suffix KUC
Holdings
Withdrawn status Lost status Damaged status Not for loan Collection code Home library Current library Date acquired Source of acquisition Cost, normal purchase price Total Checkouts Full call number Barcode Date last seen Copy number Cost, replacement price Price effective from Koha item type
      Not For Loan Reference Central Library Central Library 29/07/2015 Cen Lib/Ret 225.00   651.374 KUC B-225063 29/07/2015 1 225.00 29/07/2015 English Books

© Delhi Public Library
Hit Counter
free hit counter